000 00919nam a22002891c 4500
001 ht015992791
008 110207s2009 gw |||| 000u ger d
020 _a9783830921
_9978-3-8309-21
041 _ager
245 0 0 _aTransnationale Zivilgesellschaft in Europa :
_bTraditionen, Muster, Hindernisse, Chancen
264 _aMünster [u.a.] :
_bWaxmann,
_c2009
300 _a178 S. ; graph. Darst
650 0 _aEuropäische Integration
650 0 _aÖffentlichkeit
650 0 _aEuropaparlament
650 0 _aDemokratie
650 0 _aKonstitutionalismus
651 0 _aNiederlande
655 0 _aAufsatzsammlung
700 1 _aFrantz, Christiane
_eHerausgeberIn
700 1 _aKolb, Holger
_eHerausgeberIn
942 _cMG
040 _cRU-10907106
003 RU-10907106
999 _c20833
_d20833
490 0 _aZivilgesellschaftliche Verständigungsprozesse vom 19. Jahrhundert bis zur Gegenwart
_v1
490 0 _aNiederlande-Studien